Central Library OPAC University of Rajshahi

এশীয় উৎপাদন ব্যবস্থা ও বাংলাদেশের সামন্তবাদ : (Record no. 39189)

MARC details
000 -LEADER
fixed length control field 01113nam a22002657a 4500
001 - CONTROL NUMBER
control field 39189
003 - CONTROL NUMBER IDENTIFIER
rucl marc code BD-RjUL
005 - DATE AND TIME OF LATEST TRANSACTION
control field 20211209052934.0
008 - FIXED-LENGTH DATA ELEMENTS--GENERAL INFORMATION
fixed length control field 160405s1999 b ||||| |||| 000 0 ben d
020 ## - INTERNATIONAL STANDARD BOOK NUMBER
International Standard Book Number 9840738534 :
Terms of availability Tk. 75.00
035 ## - SYSTEM CONTROL NUMBER
System control number (BD-RjUL) 39301
040 ## - CATALOGING SOURCE
Original cataloging agency BD-RjUL
Language of cataloging ben
Transcribing agency BD-RjUL
041 ## - LANGUAGE CODE
Language code of text/sound track or separate title ben
082 ## - DEWEY DECIMAL CLASSIFICATION NUMBER
Edition number 23
Author mark and year MUE 1999
Classification number 321.3095492
100 10 - MAIN ENTRY--PERSONAL NAME
Personal name মোহাম্মদ, ইসা
9 (RLIN) 120869
245 10 - TITLE STATEMENT
Title এশীয় উৎপাদন ব্যবস্থা ও বাংলাদেশের সামন্তবাদ :
Remainder of title সন্ধান ও বিচার /
Statement of responsibility, etc. ইসা মোহাম্মদ
260 ## - PUBLICATION, DISTRIBUTION, ETC. (IMPRINT)
Place of publication, distribution, etc. ঢকা :
Name of publisher, distributor, etc. বাংলা একাডেমী,
Date of publication, distribution, etc. ১৯৯৯
300 ## - PHYSICAL DESCRIPTION
Pagination [১০], ১৫০পৃ.
Illustrations চিত্র
Size ২২ সেমি.
490 ## - SERIES STATEMENT
Series statement বা / এ ;
Volume/sequential designation ৩৮৪৪
504 ## - BIBLIOGRAPHY, ETC. NOTE
Bibliography, etc গ্রন্থপঞ্জি সংযুক্ত।
650 ## - SUBJECT ADDED ENTRY--TOPICAL TERM
Topical term or geographic name as entry element সামন্তবাদ
Geographic subdivision বাংলাদেশ
9 (RLIN) 130417
Topical term or geographic name as entry element Feudalism
Geographic subdivision Bangladesh
9 (RLIN) 130418
830 ## - SERIES ADDED ENTRY--UNIFORM TITLE
Uniform title বা / এ ;
Volume number/sequential designation ৩৮৪৪
942 ## - ADDED ENTRY ELEMENTS (KOHA)
Source of classification or shelving scheme Dewey Decimal Classification
Koha item type Books
Holdings
Lost status Source of classification or shelving scheme Damaged status Not for loan Collection code Permanent Location Current Location Shelving location Date acquired Source of acquisition Cost, normal purchase price Total Checkouts Full call number Date last seen Copy number Koha item type
  Dewey Decimal Classification   Not For Loan Non-fiction Central Library, University of Rajshahi Central Library, University of Rajshahi Reading Room 24/06/2013 Bangla Academy, Dhaka 75.00   B 321.3095492 MUE 1999 05/04/2016 C-1 Books
  Dewey Decimal Classification     Non-fiction Central Library, University of Rajshahi Central Library, University of Rajshahi   24/06/2013 Bangla Academy, Dhaka 75.00   B 321.3095492 MUE 1999 05/04/2016 C-2 Books
  Dewey Decimal Classification     Non-fiction Central Library, University of Rajshahi Central Library, University of Rajshahi   24/06/2013 Bangla Academy, Dhaka 75.00   B 321.3095492 MUE 1999 05/04/2016 C-3 Books